000 00376nam a2200145Ia 4500
008 230711s9999||||xx |||||||||||||| ||und||
041 _aENG
082 _a720
_bGA-R
100 _aVijay Garg
245 0 _aRefereed Journal of Council of Architecture - Housing
260 _c2014
_aNew Delhi
_bCouncil of Architecture
300 _a100p.
650 _aArchitecture
942 _cBK
999 _c6858
_d6858